01060nam a2200229 a 450000100100000000500170001000800410002704000250006808200120009311000320010524000240013724501520016125000130031326000500032630000230037670000350039970000370043495201160047195201100058795201160069799900170081300004098920201002034530.0090715s2012 dr 000 0 spa d aDO-SdBNPbspacBNPHU axxxbxx1 aRepública Dominicana944710aCódigo de trabajo10aCódigo de trabajo y reglamentos de la Repúbliica Dominicana :bley 16-92 y dec. 258-93; modificada y actualizada /ccompilador Carlos García. a11a. ed. aMoca, República Dominicana :bDalis,c2012. a336 p. : ;c15 cm.12aGarcía, Carlosecomp.96742512aAcosta, Juan Pabloecompl911716 0010718DSaGRbGRcCTd2013-09-12iLF1l0oxxx xxp40989-30r2020-06-25te. 3w2020-06-25yLFDSZNo se presta 0010718PDaPDbPDcCTd2013-09-12iLF1l0oxxx xxp40989-10r2020-06-25w2020-06-25yLFPDZNo se presta 0010718PDaPDbPDcCTd2013-09-12iLF1l0oxxx xxp40989-20r2020-06-25te. 2w2020-06-25yLFPDZNo se presta c40479d40479